| 000 | 01298cad a22002775a 4500 | ||
|---|---|---|---|
| 001 | E148846 | ||
| 008 | 091117s2009 xxkad f s 000 0 eng d | ||
| 020 | _a9781842195529 | ||
| 035 | _a(Sirsi) u148846 | ||
| 041 | 0 | _aeng | |
| 050 | 0 | 4 | _a333.337 $2 18 |
| 110 | 2 |
_aRoyal Institution of Chartered Surveyors _94900 |
|
| 245 | 0 | 0 |
_aValuation and sale price report 2009 _h[electronic resource] |
| 260 |
_aLondon _bRICS _c2009 |
||
| 505 | 2 | _aForeword -- Introduction -- European overview -- France: country summary -- Germany: country summary -- Netherlands: country summary -- UK: country summary -- Appendices | |
| 520 | _aExamines the reasons for, and scale of, variations between sale prices and valuations for commercial property in the UK, France, Germany and the Netherlands. Finds that all countries bar the UK saw the majority of assets continuing to be sold above valuation in 2008. | ||
| 590 | _aKA NTK | ||
| 651 | 4 |
_aUnited Kingdom _y |
|
| 651 | 4 | _aFrance | |
| 651 | 4 |
_aGermany _y1990- |
|
| 651 | 4 | _aNetherlands | |
| 690 | _aPROPERTY-PROPERTY APPRAISAL AND VALUATION | ||
| 710 | 1 |
_aInvestment Property Databank _92288 |
|
| 856 | 4 | 0 |
_uhttps://www.rics.org/Global/Downloads/2009_Valuation_and_Sale_Price_Report.pdf _zView this report free of charge at www.rics.org... |
| 942 | _n0 | ||
| 999 |
_c110260 _d110260 |
||